000 01207nam a22001697a 4500
008 150126b xxu||||| |||| 00| 0 eng d
022 _a9781405734806
050 _aKD310.H34 (5ed.vol.50)
245 _aHalsbury's Laws of England: Lord Mackay of Clashfern, Lord High Chancellor Great Britain (1987-97) vol 19 . /
_cedited by Richard Dey.
250 _a5th ed.
260 _aLondon:
_bReed Elsevier,
_c2008.
300 _a809p.:
_c24cm.
440 _aHalsbury's Laws of England: Lord Mackay of Clasfern, Lord High Chancellor Great Britain(1987-97). /
_pFinancial services and institutions
_vvol.50.
500 _aIncludes index.
505 _aContents:How to use Halsbury's Laws of England -- References and abbreviations -- Table of statutes -- Table of statutory instruments -- Table of civil procedure -- Table of European union legislation -- Table of conventions -- Table of cases -- Financial services and institutions:General introduction -- Financial services regulation -- Financial services regulation -- Banking -- Guarantee and indemnity -- Money -- Bills of exchange and other negotiable instruments -- Bills of sale -- Mutual societies -- Industrial and provident societies
942 _2lcc
_cBK
999 _c5403
_d12903